| 000 | 01135 a2200265 4500 | ||
|---|---|---|---|
| 999 |
_c7905 _d7905 |
||
| 020 | _a1412901154 (hardback) | ||
| 020 | _a1412901162 (pbk.) | ||
| 050 | 0 | 0 | _aLB 2369 WEL 2005 |
| 100 |
_aWellington, Jerry (et. al) _eauthor |
||
| 245 | 0 | 0 |
_aSucceeding with your doctorate / _cJerry Wellington ... [et al.]. |
| 264 |
_aLos Angels : _bSage _c2005 |
||
| 300 |
_axi, 228 p. : _bill. ; |
||
| 440 | 0 | _aSage study skills | |
| 500 | _aIncludes bibliographical references (p. [215]-223) and index. | ||
| 504 | _aIncludes bibliographical references (p. [215]-223) and index. | ||
| 650 | 0 | _aDoctor of philosophy degree | |
| 700 | 1 |
_aBathmaker, Ann-Marie _eauthor |
|
| 700 | 1 |
_aHunt, Cheryl _eauthor |
|
| 700 | 1 |
_aMcCullach, Gary _eauthor |
|
| 700 | 1 |
_aSikes, Pat _eauthor |
|
| 856 | 4 | 2 |
_3Publisher description _uhttp://www.loc.gov/catdir/enhancements/fy0658/2004116091-d.html |
| 856 | 4 | 1 |
_3Table of contents only _uhttp://www.loc.gov/catdir/enhancements/fy0658/2004116091-t.html |
| 942 |
_2lcc _cBK _h2369 _iWEL _kLB |
||